000 00411nam a2200169Ia 4500
008 210210b1980 xxu||||| |||| 00| 0 eng d
020 _a0 7069 0948 8
082 _a336 BHAP
100 _aBHATIA (H L).
245 _aPublic finance. Ed.5
250 _a
260 _aND
_bVikas Publishing House Pvt Ltd.
_c1980
300 _a622
650 _aPublic economics
690 _aPublic Finance
906 _a035037
999 _c85904
_d85904